000
00274nam a2200121Ia 4500
008
190216s9999||||xx |||||||||||||| ||und||
100
_a
James Sucec
245
0
_a
Heat Transfer
260
_b
Jaico Publishing House
_c
2003
300
_a
854
650
_a
Physics
942
_c
BK
999
_c
33812
_d
33812